000
00502nam a2200169Ia 4500
008
090711s9999 xx 000 0 und d
082
_b
18652
100
_a
भागवत दिनकर
245
_a
मुलांSो नेताजी
260
_c
1947
300
_a
35
600
_a
भागवत दिनकर
630
_a
मुलांSो नेताजी
700
_a
भागवत दिनकर
730
_a
मुलांSो नेताजी
942
_c
BOOK
999
_c
322087
_d
322087